Города Центрального федерального округа России - Statistics

General Stats
  • This quiz has been taken 133 times
  • The average score is 134 of 304
Answer Stats
Население Подсказка Город % Correct
13 149 803 Город федерального значения Москва
95%
461 692 Тульская область Тула
88%
412 994 Тверская область Тверь
87%
530 311 Московская область Балашиха
85%
567 443 Ярославская область Ярославль
85%
265 761 Костромская область Кострома
85%
344 082 Владимирская область Владимир
85%
256 684 Московская область Химки
83%
310 645 Смоленская область Смоленск
83%
373 310 Брянская область Брянск
83%
436 678 Курская область Курск
83%
520 509 Рязанская область Рязань
82%
485 260 Липецкая область Липецк
82%
358 437 Ивановская область Иваново
80%
329 673 Калужская область Калуга
80%
256 268 Тамбовская область Тамбов
80%
1 046 425 Воронежская область Воронеж
80%
275 313 Московская область Мытищи
78%
236 339 Московская область Люберцы
78%
292 406 Орловская область Орёл
78%
328 482 Белгородская область Белгород
78%
312 911 Московская область Подольск
77%
193 127 Московская область Красногорск
75%
141 778 Московская область Электросталь
73%
226 007 Московская область Королёв
72%
187 301 Московская область Одинцово
70%
156 681 Московская область Домодедово
70%
104 728 Московская область Орехово-Зуево
68%
177 29 Ярославская область Рыбинск
67%
221 676 Белгородская область Старый Оскол
67%
74 032 Московская область Дубна
65%
9286 Владимирская область Суздаль
65%
133 756 Московская область Серпухов
63%
132 247 Московская область Коломна
63%
110 083 Московская область Жуковский
63%
88 425 Московская область Клин
63%
15 656 Калужская область Жуков
63%
112 070 Московская область Реутов
62%
63 044 Московская область Дмитров
62%
32 755 Московская область Можайск
62%
25 729 Московская область Волоколамск
62%
55 757 Тверская область Ржев
62%
119 089 Московская область Долгопрудный
60%
111 580 Московская область Пушкино
60%
102 392 Московская область Ногинск
60%
98 251 Московская область Сергиев Посад
60%
132 417 Владимирская область Ковров
60%
107 497 Владимирская область Муром
60%
119 697 Тульская область Новомосковск
60%
113 897 Московская область Раменское
58%
106 222 Московская область Видное
58%
86 164 Московская область Чехов
58%
74 493 Московская область Наро-Фоминск
58%
34 971 Московская область Истра
58%
32 719 Ярославская область Углич
58%
5127 Курская область Суджа
58%
22 384 Воронежская область Павловск
58%
135 918 Московская область Щёлково
57%
58 661 Московская область Фрязино
57%
129 584 Калужская область Обнинск
57%
99 875 Липецкая область Елец
57%
95 071 Московская область Воскресенск
55%
81 143 Московская область Лобня
55%
57 434 Московская область Дзержинский
55%
97 038 Курская область Железногорск
55%
65 297 Московская область Павловский Посад
53%
44 551 Московская область Кашира
53%
37 738 Ярославская область Переславль-Залесский
53%
5621 Ярославская область Мышкин
53%
51 552 Владимирская область Гусь-Хрустальный
53%
40 318 Курская область Курчатов
53%
39 680 Белгородская область Шебекино
53%
72 311 Московская область Котельники
52%
71 169 Московская область Егорьевск
52%
47 514 Московская область Солнечногорск
52%
29 912 Московская область Электрогорск
52%
17 793 Московская область Электроугли
52%
41 116 Тверская область Торжок
52%
28 122 Ярославская область Ростов
52%
55 225 Ивановская область Шуя
52%
90 451 Тамбовская область Мичуринск
52%
30 658 Воронежская область Нововоронеж
52%
66 526 Московская область Лыткарино
50%
44 657 Московская область Краснознаменск
50%
36 714 Московская область Шатура
50%
20 981 Московская область Бронницы
50%
19 342 Московская область Пущино
50%
16 940 Московская область Талдом
50%
15 269 Московская область Руза
50%
4910 Московская область Верея
50%
50 611 Смоленская область Вязьма
50%
15 069 Курская область Рыльск
50%
18 359 Белгородская область Новый Оскол
50%
37 271 Московская область Звенигород
48%
20 383 Московская область Зарайск
48%
18 472 Московская область Черноголовка
48%
39 643 Ярославская область Тутаев
48%
43 592 Смоленская область Рославль
48%
57 053 Владимирская область Александров
48%
63 059 Брянская область Клинцы
48%
60 879 Воронежская область Россошь
48%
83 941 Московская область Ивантеевка
47%
37 221 Московская область Протвино
47%
30 373 Московская область Дедовск
47%
29 808 Московская область Луховицы
47%
13 618 Московская область Яхрома
47%
20 234 Тверская область Бологое
47%
77 694 Ивановская область Кинешма
47%
20 049 Липецкая область Лебедянь
47%
17 557 Курская область Льгов
47%
60 687 Воронежская область Борисоглебск
47%
54 147 Воронежская область Лиски
47%
63 506 Московская область Ступино
45%
33 945 Московская область Ликино-Дулёво
45%
45 830 Тверская область Вышний Волочёк
45%
40 875 Тверская область Кимры
45%
20 439 Костромская область Шарья
45%
40 330 Смоленская область Ярцево
45%
25 374 Смоленская область Гагарин
45%
17 747 Владимирская область Покров
45%
13 317 Владимирская область Петушки
45%
41 511 Калужская область Малоярославец
45%
60 842 Тульская область Алексин
45%
27 821 Рязанская область Касимов
45%
36 070 Орловская область Мценск
45%
6179 Белгородская область Грайворон
45%
23 826 Московская область Озёры
43%
22 861 Московская область Голицыно
43%
16 674 Тверская область Осташков
43%
12 621 Тверская область Калязин
43%
27 661 Калужская область Киров
43%
43 908 Липецкая область Грязи
43%
38 483 Московская область Апрелевка
42%
20 875 Московская область Рошаль
42%
12 206 Московская область Дрезна
42%
14 113 Тверская область Кашин
42%
11 017 Тверская область Лихославль
42%
6956 Тверская область Андреаполь
42%
6330 Тверская область Весьегонск
42%
16 084 Ярославская область Гаврилов-Ям
42%
13 677 Ярославская область Данилов
42%
37 055 Смоленская область Сафоново
42%
9086 Смоленская область Дорогобуж
42%
39 410 Владимирская область Кольчугино
42%
12 666 Владимирская область Гороховец
42%
29 715 Ивановская область Фурманов
42%
36 545 Тульская область Ефремов
42%
5791 Рязанская область Шацк
42%
9887 Липецкая область Задонск
42%
36 578 Белгородская область Алексеевка
42%
23 780 Белгородская область Строитель
42%
26 606 Московская область Красноармейск
40%
23 472 Московская область Кубинка
40%
20 468 Московская область Хотьково
40%
19 890 Московская область Куровское
40%
11 434 Московская область Пересвет
40%
33 560 Тверская область Конаково
40%
6938 Тверская область Старица
40%
19 977 Костромская область Нерехта
40%
14 355 Костромская область Волгореченск
40%
7911 Смоленская область Ельня
40%
16 603 Калужская область Козельск
40%
935 Тульская область Чекалин
40%
21 200 Рязанская область Рыбное
40%
42 928 Орловская область Ливны
40%
19 726 Липецкая область Данков
40%
19 662 Липецкая область Усмань
40%
85 225 Белгородская область Губкин
40%
33 032 Белгородская область Валуйки
40%
29 143 Московская область Лосино-Петровский
38%
23 553 Московская область Старая Купавна
38%
14 290 Московская область Краснозаводск
38%
13 455 Московская область Белоозёрский
38%
12 971 Московская область Высоковск
38%
21 466 Тверская область Бежецк
38%
27 318 Владимирская область Киржач
38%
17 569 Владимирская область Радужный
38%
17 444 Владимирская область Собинка
38%
17 276 Владимирская область Юрьев-Польский
38%
12 686 Калужская область Боровск
38%
6470 Калужская область Юхнов
38%
12 746 Тульская область Белёв
38%
25 708 Рязанская область Скопин
38%
39 023 Тамбовская область Моршанск
38%
11 844 Курская область Обоянь
38%
4691 Курская область Фатеж
38%
18 603 Тверская область Нелидово
37%
11 441 Тверская область Торопец
37%
3125 Тверская область Белый
37%
20 564 Костромская область Буй
37%
12 861 Владимирская область Лакинск
37%
14 332 Ивановская область Приволжск
37%
1896 Ивановская область Плёс
37%
63 837 Тульская область Донской
37%
55 109 Тульская область Щёкино
37%
49 427 Тульская область Узловая
37%
29 560 Тульская область Богородицк
37%
12 668 Тульская область Венёв
37%
4591 Рязанская область Спас-Клепики
37%
14 991 Брянская область Почеп
37%
13 287 Брянская область Трубчевск
37%
14 927 Курская область Щигры
37%
24 397 Воронежская область Бутурлиновка
37%
14 370 Воронежская область Богучар
37%
25 950 Тверская область Удомля
35%
6217 Тверская область Зубцов
35%
12 856 Костромская область Галич
35%
7351 Смоленская область Починок
35%
5429 Ивановская область Гаврилов Посад
35%
16 893 Тульская область Плавск
35%
15 269 Тульская область Ясногорск
35%
11 579 Липецкая область Чаплыгин
35%
16 164 Тамбовская область Кирсанов
35%
27 938 Воронежская область Семилуки
35%
6261 Смоленская область Демидов
33%
6005 Смоленская область Велиж
33%
11 774 Владимирская область Струнино
33%
10 408 Владимирская область Судогда
33%
31 305 Ивановская область Тейково
33%
25 560 Тульская область Киреевск
33%
17 598 Тульская область Суворов
33%
20 197 Рязанская область Ряжск
33%
16 752 Рязанская область Новомичуринск
33%
5705 Рязанская область Спасск-Рязанский
33%
6732 Брянская область Севск
33%
6317 Курская область Дмитриев
33%
20 871 Воронежская область Бобров
33%
5948 Воронежская область Новохопёрск
33%
7869 Тверская область Западная Двина
32%
5037 Ярославская область Любим
32%
5534 Костромская область Солигалич
32%
24 618 Смоленская область Десногорск
32%
8490 Смоленская область Рудня
32%
3866 Смоленская область Духовщина
32%
12 028 Владимирская область Камешково
32%
30 194 Калужская область Балабаново
32%
9791 Калужская область Таруса
32%
4592 Калужская область Спас-Деменск
32%
26 475 Тульская область Кимовск
32%
7889 Тульская область Советск
32%
21 220 Рязанская область Сасово
32%
10 085 Рязанская область Михайлов
32%
7816 Костромская область Нея
30%
5528 Костромская область Макарьев
30%
2468 Костромская область Кологрив
30%
7899 Ивановская область Юрьевец
30%
8325 Тульская область Липки
30%
47 644 Тамбовская область Рассказово
30%
26 694 Тамбовская область Котовск
30%
31 699 Воронежская область Острогожск
30%
10 024 Воронежская область Эртиль
30%
9262 Тверская область Кувшиново
28%
4998 Тверская область Красный Холм
28%
4252 Костромская область Чухлома
28%
36 203 Владимирская область Вязники
28%
13 150 Владимирская область Карабаново
28%
15 734 Калужская область Кондрово
28%
9359 Орловская область Болхов
28%
23 584 Тамбовская область Уварово
28%
17 687 Брянская область Стародуб
28%
11 176 Брянская область Сураж
28%
5150 Ярославская область Пошехонье
27%
7469 Смоленская область Сычёвка
27%
8896 Ивановская область Заволжск
27%
14 407 Калужская область Сухиничи
27%
2938 Орловская область Новосиль
27%
13 883 Тамбовская область Жердевка
27%
38 680 Брянская область Новозыбков
27%
17 449 Брянская область Карачев
27%
5270 Брянская область Злынка
27%
7114 Белгородская область Бирюч
27%
16 417 Воронежская область Поворино
27%
13 043 Костромская область Мантурово
25%
13 407 Владимирская область Меленки
25%
6309 Владимирская область Курлово
25%
30 940 Ивановская область Кохма
25%
8167 Ивановская область Наволоки
25%
3722 Калужская область Мещовск
25%
10 084 Рязанская область Кораблино
25%
3512 Орловская область Малоархангельск
25%
7113 Владимирская область Костерёво
23%
24 101 Ивановская область Родники
23%
12 957 Ивановская область Южа
23%
35 276 Калужская область Людиново
23%
11 637 Калужская область Кремёнки
23%
5433 Калужская область Жиздра
23%
4251 Калужская область Мосальск
23%
5177 Орловская область Дмитровск
23%
25 255 Брянская область Дятьково
23%
17 628 Брянская область Жуковка
23%
15 906 Брянская область Сельцо
23%
12 538 Брянская область Фокино
23%
6919 Брянская область Мглин
23%
5623 Белгородская область Короча
23%
17 624 Воронежская область Калач
23%
30 694 Ивановская область Вичуга
22%
8364 Ивановская область Комсомольск
22%
6879 Ивановская область Пучеж
22%
11 189 Калужская область Ермолино
22%
10 980 Калужская область Белоусово
22%
9339 Тульская область Болохово
22%
24 274 Брянская область Унеча
22%
11 259 Калужская область Сосенский
20%
8042 Калужская область Медынь
20%
No matching quizzes found
Score Distribution
Percent of People with Each Score
Percentile by Number Answered
Your Score History
You have not taken this quiz